Client, employeur et salarié (Registro nro. 37956)
[ vista simple ]
| 000 -CABECERA | |
|---|---|
| Longitud fija campo de control | 01082naa a2200301 c 4500 |
| 001 - NÚMERO DE CONTROL | |
| Número de control | 37956 |
| 003 - IDENTIFICADOR DE NÚMERO DE CONTROL | |
| Identificador del número de control | ES-MaCES |
| 005 - FECHA Y HORA DE LA ÚLTIMA TRANSACCIÓN | |
| Fecha y hora de la última transacción | 20150929131827.0 |
| 008 - CAMPO FIJO DE DESCRIPCIÓN FIJA--INFORMACIÓN GENERAL | |
| Códigos de información de longitud fija | 070820n2006 fr t ||0 | fre d |
| 035 ## - NÚMERO DE CONTROL DEL SISTEMA | |
| Número de control del sistema | CES20070004891v |
| 040 ## - FUENTE DE CATALOGACIÓN | |
| Centro catalogador de origen | ES-MaCES |
| Lengua de catalogación | spa |
| Centro transcriptor | ES-MaCES |
| 100 1# - ENCABEZAMIENTO PRINCIPAL--NOMBRE PERSONAL | |
| Nombre de persona | Havard, Christelle |
| 9 (RLIN) | 14538 |
| 245 10 - MENCIÓN DE TÍTULO | |
| Título | Client, employeur et salarié |
| Resto del título | : cartographie d'une triangulation complexe |
| Mención de responsabilidad, etc. | Christelle Havard, Brigitte Rorive, André Sobczak |
| 500 ## - NOTA GENERAL | |
| Nota general | Resumen en francés e inglés |
| 504 ## - NOTA DE BIBLIOGRAFÍA, ETC. | |
| Nota de bibliografía, etc. | Bibliografía: p. 1255-1258 |
| 650 #4 - ASIENTO SECUNDARIO DE MATERIA--TÉRMINO DE MATERIA | |
| Término de materia o nombre geográfico como elemento inicial | informe de investigación |
| 9 (RLIN) | 29446 |
| 650 #4 - ASIENTO SECUNDARIO DE MATERIA--TÉRMINO DE MATERIA | |
| Término de materia o nombre geográfico como elemento inicial | relaciones comerciales |
| 9 (RLIN) | 27965 |
| 650 #4 - ASIENTO SECUNDARIO DE MATERIA--TÉRMINO DE MATERIA | |
| Término de materia o nombre geográfico como elemento inicial | salario |
| 9 (RLIN) | 28387 |
| 650 #4 - ASIENTO SECUNDARIO DE MATERIA--TÉRMINO DE MATERIA | |
| Término de materia o nombre geográfico como elemento inicial | servicio al cliente |
| 9 (RLIN) | 30719 |
| 653 10 - TÉRMINO DE INDEXACIÓN--NO CONTROLADO | |
| Término no controlado | Empresa |
| 650 #4 - ASIENTO SECUNDARIO DE MATERIA--TÉRMINO DE MATERIA | |
| 9 (RLIN) | 28187 |
| Término de materia o nombre geográfico como elemento inicial | empleador |
| 700 1# - ENCABEZAMIENTO SECUNDARIO--NOMBRE PERSONAL | |
| Nombre de persona | Sobczak, André |
| 9 (RLIN) | 24189 |
| 700 1# - ENCABEZAMIENTO SECUNDARIO--NOMBRE PERSONAL | |
| Nombre de persona | Rorive, Brigitte |
| 9 (RLIN) | 22615 |
| 773 0# - ENTRADA DE DOCUMENTO FUENTE | |
| Título | Economies et sociétés |
| Parte(s) relacionada(s) | t. 40, nº 9 (sept. 2006){10151 R. 066928}; p. [1229]-1258 |
| Número de control del registro relacionado | (ES-MaCES)25169 |
| Itemnumber del ítem fuente | 38933 |
| 902 ## - CES. TIPO DE DOCUMENTO | |
| Tipodoc (006$c Sirtex) | ART Artículo de revista |
| 942 ## - ELEMENTOS KOHA | |
| Fuente de clasificaión o esquema | Clasificación propia del CES |
| Koha [por defecto] tipo de item | Artículos (1982-2017) |
| Parte de clasificación | 0.0. |
No hay ítems disponibles.
